Sefer Devar Shaʼul: (Record no. 33378)

MARC details
000 -LEADER
fixed length control field 00633cam a22002171 4500
001 - CONTROL NUMBER
control field he 68001705
003 - CONTROL NUMBER IDENTIFIER
control field DLC
005 - DATE AND TIME OF LATEST TRANSACTION
control field 20260227111459.0
008 - FIXED-LENGTH DATA ELEMENTS--GENERAL INFORMATION
fixed length control field 880816s1966 is 000 0 hebr
010 ## - LIBRARY OF CONGRESS CONTROL NUMBER
LC control number he 68001705
035 ## - SYSTEM CONTROL NUMBER
System control number (OCoLC)18362394
040 ## - CATALOGING SOURCE
Original cataloging agency DLC
Transcribing agency CU
Modifying agency CU
-- DLC
042 ## - AUTHENTICATION CODE
Authentication code premarc
050 00 - LIBRARY OF CONGRESS CALL NUMBER
Classification number BM506.S73
Item number K6
100 2# - MAIN ENTRY--PERSONAL NAME
Personal name Kossowsky-Shachor, Shaul,
Dates associated with a name 1933-
245 10 - TITLE STATEMENT
Title Sefer Devar Shaʼul:
Remainder of title Soṭah,
Statement of responsibility, etc. me-iti Shaʼul Ḳosovsḳi-Shaḥor.
260 ## - PUBLICATION, DISTRIBUTION, ETC.
Place of publication, distribution, etc. Bene Beraḳ,
Date of publication, distribution, etc. 727 [1966 or 7]
300 ## - PHYSICAL DESCRIPTION
Extent 16 p., 127 l.
Dimensions 35 cm.
630 00 - SUBJECT ADDED ENTRY--UNIFORM TITLE
Uniform title Talmud.
Name of part/section of a work Sotah
General subdivision Commentaries.
740 0# - ADDED ENTRY--UNCONTROLLED RELATED/ANALYTICAL TITLE
Uncontrolled related/analytical title Devar Shaʼul : Soṭah.

No items available.

Powered by Koha